首長名から自治体名を当てよう東京23区編 - Statistics

General Stats
  • This quiz has been taken 29 times
  • The average score is 10 of 23
Answer Stats
首長名 自治体名 % Correct
保坂展人 世田谷区
65%
吉住健一 新宿区
62%
岸本聡子 杉並区
54%
山田加奈子 北区
50%
高際みゆき 豊島区
46%
山本泰人 中央区
46%
武井雅昭 港区
46%
長谷部健 渋谷区
46%
樋口高顕 千代田区
46%
森澤恭子 品川区
46%
大久保朋果 江東区
42%
西川太一郎 荒川区
42%
青木英二 目黒区
42%
山本亨 墨田区
42%
酒井直人 中野区
42%
青木克德 葛飾区
42%
坂本健 板橋区
38%
服部征夫 台東区
38%
斉藤猛 江戸川区
38%
近藤弥生 足立区
38%
成澤廣修 文京区
35%
鈴木晶雅 大田区
35%
前川燿男 練馬区
35%
No matching quizzes found
Score Distribution
Percent of People with Each Score
Percentile by Number Answered
Your Score History
You have not taken this quiz